Nahj al-balāghah / (Record no. 49180)
[ view plain ]
| 000 -LEADER | |
|---|---|
| fixed length control field | 02007cam a2200337 a 4500 |
| 001 - CONTROL NUMBER | |
| control field | ne 66001838 |
| 003 - CONTROL NUMBER IDENTIFIER | |
| control field | DLC |
| 005 - DATE AND TIME OF LATEST TRANSACTION | |
| control field | 20260227111827.0 |
| 008 - FIXED-LENGTH DATA ELEMENTS--GENERAL INFORMATION | |
| fixed length control field | 120305s1965 ua 000 0 ara d |
| 010 ## - LIBRARY OF CONGRESS CONTROL NUMBER | |
| LC control number | ne 66001838 |
| 035 ## - SYSTEM CONTROL NUMBER | |
| System control number | (OCoLC)ocm18300874 |
| 040 ## - CATALOGING SOURCE | |
| Original cataloging agency | WAU |
| Transcribing agency | WAU |
| Modifying agency | GZM |
| -- | OCLCQ |
| -- | OCLCG |
| -- | CUY |
| -- | OCLCA |
| -- | DLC |
| 042 ## - AUTHENTICATION CODE | |
| Authentication code | lccopycat |
| 050 00 - LIBRARY OF CONGRESS CALL NUMBER | |
| Classification number | BP193.1.A2 |
| Item number | S49 1965 |
| 066 ## - CHARACTER SETS PRESENT | |
| Alternate G0 or G1 character set | (3 |
| 100 1# - MAIN ENTRY--PERSONAL NAME | |
| Linkage | 880-01 |
| Personal name | Sharīf al-Raḍī, Muḥammad ibn al-Ḥusayn, |
| Dates associated with a name | 969 or 970-1016. |
| 245 10 - TITLE STATEMENT | |
| Linkage | 880-02 |
| Title | Nahj al-balāghah / |
| Statement of responsibility, etc. | wa-huwa majmūʻ mā akhtārahu al-Sharīf Abū al-Ḥasan Muḥammad al-Raḍī ibn al-Ḥasan al-Mūsawī min kalām Amīr al-Muʼminīn Abī al-Ḥasan ʻAlī ibn Abī Ṭālib, sharaḥahu Muḥammad ʻAbduh, haqqaqahu wa-zāda fī sharḥihi ziyādāt hāmmah Muḥammad Muḥyī al-Dīn ʻAbd al-Hamīd. |
| 260 ## - PUBLICATION, DISTRIBUTION, ETC. | |
| Linkage | 880-03 |
| Place of publication, distribution, etc. | Miṣr : |
| Name of publisher, distributor, etc. | Al-Maktabah al-Tijārīyah al-Kubrá, |
| Date of publication, distribution, etc. | [1965?] |
| 300 ## - PHYSICAL DESCRIPTION | |
| Extent | 3 v. ; |
| Dimensions | 24 cm. |
| 500 ## - GENERAL NOTE | |
| General note | Vocalized. |
| 600 00 - SUBJECT ADDED ENTRY--PERSONAL NAME | |
| Personal name | ʻAlī ibn Abī Ṭālib, |
| Titles and other words associated with a name | Caliph, |
| Dates associated with a name | approximately 600-661 |
| General subdivision | Hadith. |
| 700 0# - ADDED ENTRY--PERSONAL NAME | |
| Linkage | 880-04 |
| Personal name | ʻAlī ibn Abī Ṭālib, |
| Titles and other words associated with a name | Caliph, |
| Dates associated with a name | approximately 600-661. |
| 700 0# - ADDED ENTRY--PERSONAL NAME | |
| Linkage | 880-05 |
| Personal name | Muḥammad ʻAbduh, |
| Dates associated with a name | 1849-1905. |
| 700 1# - ADDED ENTRY--PERSONAL NAME | |
| Linkage | 880-06 |
| Personal name | ʻAbd al-Ḥamīd, Muḥammad Muḥyī al-Dīn. |
| 880 1# - ALTERNATE GRAPHIC REPRESENTATION | |
| Linkage | 100-01//r |
| a | شريف الرضي، محمد بن الحسين. |
| 880 10 - ALTERNATE GRAPHIC REPRESENTATION | |
| Linkage | 245-02//r |
| a | نهج البلاغة : |
| b | وهو مجموع مااختاره الشريف أبو الحسن محمد الرضي بن الحسن الموسوي من كلام أمير المؤمنين أبي الحسن علي بن أبي طالب ؛ شرحه محمد عبده ؛ حققه وزاد في شرحه زيادات هامة محمد محيي الدين عبد الحميد. |
| 880 ## - ALTERNATE GRAPHIC REPRESENTATION | |
| Linkage | 260-03//r |
| a | مصر : |
| b | المكتبة التجارية الكبرى، |
| c | [1965?] |
| 880 0# - ALTERNATE GRAPHIC REPRESENTATION | |
| Linkage | 700-04//r |
| a | علي بن أبي طالب. |
| 880 0# - ALTERNATE GRAPHIC REPRESENTATION | |
| Linkage | 700-05//r |
| a | محمد عبده. |
| 880 1# - ALTERNATE GRAPHIC REPRESENTATION | |
| Linkage | 700-06/(3/r |
| a | عبد الحميد، محمد محي الدين. |
No items available.